Robert Ludlum's The Bourne objective : a new Jason Bourne novel /

The Central Intelligence training program Treadstone produced two graduates of equal skill and determination--Jason Bourne and a vicious Russian mercenary, Leonid Arkadin. As Bourne's destiny circles closer to Arkadin's, it becomes clear that the eventual collision of these men is not of...

Full description

Bibliographic Details
Main Author: Lustbader, Eric
Other Authors: Ludlum, Robert, 1927-2001
Format: Book
Language:English
Published: New York : Grand Central Pub., 2010.
Edition:1st ed.
Subjects:

MARC

Tag First Indicator Second Indicator Subfields
LEADER 00000cam a2200000 a 4500
001 in00002589021
005 20180409124635.0
008 091214s2010 nyu 000 f eng
010 |a  2009051964 
020 |a 9780446539814 
020 |a 0446539813 
035 |a (OCoLC)ocn490810011 
035 |a (OCoLC)490810011 
040 |a DLC  |c DLC  |d YDX  |d BWX  |d YDXCP  |d UPZ  |d ZS3  |d JAO  |d JRS  |d BPT  |d UtOrBLW 
049 |a TXAM 
050 0 0 |a PS3562.U752  |b R645 2010 
082 0 0 |a 813/.54  |2 22 
100 1 |a Lustbader, Eric. 
245 1 0 |a Robert Ludlum's The Bourne objective :  |b a new Jason Bourne novel /  |c by Eric Van Lustbader. 
246 3 0 |a Bourne objective 
250 |a 1st ed. 
264 1 |a New York :  |b Grand Central Pub.,  |c 2010. 
300 |a 437 pages ;  |c 24 cm. 
336 |a text  |b txt  |2 rdacontent 
337 |a unmediated  |b n  |2 rdamedia 
338 |a volume  |b nc  |2 rdacarrier 
520 |a The Central Intelligence training program Treadstone produced two graduates of equal skill and determination--Jason Bourne and a vicious Russian mercenary, Leonid Arkadin. As Bourne's destiny circles closer to Arkadin's, it becomes clear that the eventual collision of these men is not of their own making. Someone else has been watching and manipulating them. Someone who wants to know, "Who is the more deadly agent?" 
600 1 0 |a Bourne, Jason  |c (Fictitious character)  |v Fiction. 
650 0 |a Intelligence officers  |v Fiction. 
650 0 |a Attempted assassination  |v Fiction. 
650 0 |a Bombings  |v Fiction. 
650 0 |a Aircraft accidents  |v Fiction. 
655 7 |a Spy stories.  |2 gsafd 
655 0 |a Spy stories. 
700 1 |a Ludlum, Robert,  |d 1927-2001. 
948 |a cataloged  |b h  |c 2010/6/17  |d c  |e ceaton  |f 8:11:18 am 
994 |a C0  |b TXA 
999 |a MARS 
999 f f |s d824c7ce-bfb6-39a2-9659-f43b789a6093  |i efd0d7ac-ba76-3676-afbe-b1b19b3195f3  |t 0 
952 f f |p ric  |a Texas A&M University  |b Rellis Campus  |c Joint Library Facility  |d Remote Storage  |t 0  |e PS3562.U752 R645 2010  |h Library of Congress classification  |i unmediated -- volume  |m A14839232631 
998 f f |a PS3562.U752 R645 2010  |t 0  |l Remote Storage